000 00416 a2200109 4500
005 20260327143143.0
100 _aBahulkar S.
_9217330
245 _aआधुनिक महाराष्ट्राची जडणघडण शिल्पकार चरित्रकोश खंड ६ : दृश्यकला
250 _a1st
260 _bSaptahik Vivek Hindusthan Prakashan Samstha
_c2013
942 _cAR
999 _c370791
_d370791